[Event "Stay Safe Play From Home 364"]
[Site "Emanuel Lasker Arena"]
[Date "2020.08.07"]
[Round "4"]
[White "Lamborghini"]
[Black "Lazieri3"]
[Result "1-0"]
[WhiteElo "2316"]
[BlackElo "2043"]
[Annotator "TA"]
[PlyCount "127"]
[EventDate "2020.08.07"]
[EventType "swiss (blitz)"]

{[%evp 17,127,11,27,27,53,28,33,23,25,5,11,9,108,64,265,263,311,320,318,315,311,315,344,306,325,331,356,372,371,364,367,350,358,341,340,341,378,368,751,750,737,687,29984,794,904,770,1120,1052,1293,1308,5047,5047,2883,2762,5047,1993,5047,5047,29984,29984,29984,29985,29985,29986,29987,29988,29988,29988,29989,29990,29990,29990,29990,29989,29989,29988,29989,29990,29990,29991,29992,29991,29991,29992,29992,29993,29993,29993,29993,29992,29993,29994,29994,29992,29993,29992,29993,29993,29994,29994,29995,0,29994,0,29995,29996,29996,29995,29995,0,29996,29997]} 1. e4 c6 2. d4 d5 3. Nc3 dxe4 4. Nxe4 Nf6 5. Nxf6+ exf6 6. Bc4 Bd6 7. Qe2+ Qe7 8. Qxe7+ Kxe7 9. Ne2 Be6 10. Bd3 {B15: Caro-Kann: 3 Nc3: 3...g6 and 3...dxe4 4 Nxe4 Nf6 5 Nxf6+ exf6.} Nd7 11. Bf4 Rhe8 12. Bxd6+ {White is slightly better.} Kxd6 13. O-O-O Nb6 ({But not} 13... Bxa2 14. b3 $16) 14. b3 {[#]} Bd5 $146 (14... Bf5 $11 {keeps the balance.} 15. Bxf5 Rxe2) ({Predecessor:} 14... Nd5 15. c4 Nb4 16. Nc3 Nxd3+ 17. Rxd3 Bf5 18. Rf3 Bg6 19. h4 h5 20. Kd2 a6 {1-0 (46) Triapishko,A (2519)-Muthaiah,A (2384) Madurai 2019}) 15. f3 {Black must now prevent c4.} g6 $2 (15... Be6 $14) 16. c4 $18 Be6 17. c5+ {[%mdl 64] [#] Double Attack} Kc7 18. cxb6+ axb6 19. Nc3 b5 20. Kb2 b4 21. Ne4 Red8 22. Nxf6 Rxd4 23. Bc2 Rxd1 24. Rxd1 ({Less strong is} 24. Bxd1 Rd8 $18) 24... h5 25. Ne4 b6 26. h4 c5 27. Ng5 c4 $2 (27... Re8 28. Bd3 Bd5) 28. Nxe6+ fxe6 29. bxc4 {[%mdl 4096] Endgame KRB-KR} Kc6 30. Bxg6 (30. Be4+ $142 Kc5 31. Bxa8 Kxc4 32. Be4 Kc5 33. Bxg6 e5 34. Bxh5 Kc4 35. Bf7+ Kc5 36. h5) 30... Kc5 31. Be4 Ra3 32. Rd3 Ra5 33. Rd7 Kxc4 34. g4 hxg4 35. fxg4 Re5 36. Bd3+ Kc5 37. h5 Re3 38. h6 Rh3 39. h7 e5 40. g5 b3 41. axb3 Rh2+ 42. Kc3 b5 43. b4+ Kc6 44. Bf5 e4 45. Rg7 e3 46. Bd3 e2 47. Re7 e1=Q+ 48. Rxe1 Kd5 49. Re4 Rxh7 50. Rd4+ {[%mdl 64] [#] Discovered Attack} Ke5 51. Bxh7 Ke6 52. Bd3 Ke5 53. Bxb5 Ke6 54. Bd3 Ke5 55. Bc4 Kf5 56. Bb3 Ke5 57. b5 {[%cal Bb4b5,Bb5b6,Bb6b7][%mdl 32]} Kf5 58. Bc2+ Ke5 59. Bb3 Kf5 60. Bc2+ Ke5 $1 61. b6 Ke6 62. Bb3+ Ke5 63. Bc2 Ke6 64. b7 {Black got outplayed after the opening. Accuracy: White = 85%, Black = 43%.} 1-0

[Event "Stay Safe Play From Home 364"]
[Site "Emanuel Lasker Arena"]
[Date "2020.08.07"]
[Round "4"]
[White "Little champs"]
[Black "NTBT_DHS"]
[Result "0-1"]
[WhiteElo "2133"]
[BlackElo "2590"]
[Annotator "TA"]
[PlyCount "132"]
[EventDate "2020.08.07"]
[EventType "swiss (blitz)"]

{[%evp 9,132,-28,3,-24,3,-15,-11,-71,0,-38,0,-29,19,-2,0,0,-2,0,4,-93,-63,-95,-105,-179,-94,-91,0,0,0,-67,-71,-100,-102,-231,-241,-397,-349,-634,-603,-631,-612,-564,-575,-652,-638,-637,-555,-533,-546,-679,-673,-816,-812,-810,-805,-1256,-1256,-1728,-1669,-1391,-838,-771,-771,-730,0,0,870,114,895,-10,-6,-6,-7,-400,-375,-822,-800,-807,-722,-7244,-827,-902,-747,-830,-817,-684,-274,-29998,-5691,-1365,-855,-754,-670,-29945,-29944,-29944,0,-8906,-5286,-5081,-2962,-8152,-488,-6107,-5173,-5172,-5165,-5099,0,-5089,29985,-29958,-29957,-29953,-5073,-4925,-4714,-1928,-841,-750,-445,-29978,-51,-29982,0]} 1. d4 Nf6 2. c3 g6 3. e3 Bg7 4. Bd3 O-O 5. h3 d6 {[#]} 6. Ne2 $146 {A45: Trompowsky Attack.} ({Predecessor:} 6. Nf3 Nbd7 7. O-O c5 8. Nbd2 b6 9. e4 cxd4 10. cxd4 Bb7 11. Re1 e5 12. d5 {0-1 (39) Tatam,A-Lippard,B Torquay 2019}) 6... c5 7. O-O Nc6 8. f4 (8. Bc2 $11) 8... Rb8 (8... e5 $17) 9. a4 a6 10. Na3 Bd7 11. e4 cxd4 12. cxd4 e5 13. d5 Nb4 14. Bb1 (14. fxe5 $11 {keeps the balance.} Ne8 15. Be3) 14... exf4 $17 15. Nxf4 Re8 16. Re1 (16. Qf3 $17) 16... Qa5 (16... Rc8 $1 $19 17. Kh1 Ng4 $1 {[%mdl 512]}) 17. Bd2 {Hoping for Qb3.} Qb6+ (17... Bxa4 $17 18. Qf3 Qc5+ 19. Kh1 Rbc8) 18. Be3 $11 Qc7 19. Qd2 ({White should play} 19. Bd4 $11) 19... a5 $15 20. Rc1 Qd8 21. Rc4 (21. Nc4 $17 Nxe4 22. Bxe4 Rxe4 23. Nxd6 Rxe3 24. Qxe3) 21... Bxa4 $19 22. Nc2 $2 (22. Rd4 {might work better.} b6 23. Nc4) 22... Bb3 23. Rd4 $2 (23. Rxb4 axb4 24. Qxb4 Bxc2 25. Bxc2) 23... Nxe4 {[%mdl 64] Discovered Attack} 24. Rxe4 Rxe4 25. Nxb4 Rxb4 26. Nd3 Rb5 27. Nf4 a4 28. Bd3 Ra5 29. Be4 b5 30. Bf3 b4 31. Re1 a3 32. bxa3 bxa3 33. Bd4 Bxd4+ 34. Qxd4 Qb6 35. Re8+ Rxe8 36. Qxb6 a2 $2 (36... Rea8 $19 37. Qxb3 a2 38. Qxa2 Rxa2) 37. Qxa5 $11 Rc8 $2 {[%mdl 8192]} (37... Ba4 $11 38. Qc3 (38. Qxa4 Re1+ 39. Kf2 a1=Q $11) 38... Rb8) 38. Qa3 $2 (38. Ne2 $18 {has better winning chances.}) 38... Re8 $2 {[%mdl 8192]} (38... Rc4 $16) 39. Qxb3 $2 (39. Ne2 $18) 39... a1=Q+ 40. Kh2 Qe5 $36 {[%mdl 2048] White is under pressure.} 41. Qc4 $2 {[%mdl 8192]} (41. g3 $11) 41... g5 $19 {[%mdl 64] Pin} 42. h4 $2 (42. g3 gxf4 43. Qxf4) 42... gxf4 {[%mdl 4096] Endgame KQR-KQB} 43. Kh3 Qf6 44. Qd3 Re5 (44... Re1 $142 45. g3 Qg7) 45. Qa6 Kg7 {White must now prevent ...Re1.} 46. Qc8 h6 47. Qg4+ Qg6 (47... Kh7 $142 {And now ...h5 would win.} 48. g3 fxg3 49. Be4+ Kh8 50. Kxg3 Re8) 48. h5 $2 {[#]} (48. Qxf4 $19 Qf5+ 49. Qxf5 Rxf5 50. Kg4) 48... Qxg4+ (48... Rxh5+ $142 $1 {[%mdl 512]} 49. Qxh5 Qg3#) 49. Kxg4 {KR-KB} Rg5+ 50. Kxf4 Kf6 51. g4 Re5 52. Be4 {[#]} Rg5 (52... Rxe4+ $142 $1 {[%mdl 512]} 53. Kxe4 Kg5 54. Kf3 f5 55. gxf5 Kxf5 56. Ke3 Kg4 57. Ke4 Kg5 58. Kf3 Kxh5 59. Kf4 Kg6 60. Kg4 Kf6 61. Kf4 h5 62. Ke4 h4 63. Kf4 h3 64. Kg3 Ke5 65. Kh2 Kxd5 66. Kxh3 Kd4 67. Kg2 d5 68. Kf3 Kd3 69. Kf2 d4 70. Kf3 Kc2 71. Ke4 d3 72. Kf5 d2 73. Kf6 d1=Q 74. Ke6 Qd8 75. Ke5 Kd3 76. Kf5 Qd6 77. Kg4 Ke3 78. Kf5 Kf3 79. Kg5 Qe6 80. Kh5 Kf4 81. Kh4 Qh6#) 53. Bf3 $1 Ke7 54. Be4 Rg8 55. Bf3 Rb8 (55... Kf6 $142 56. Be4 Rb8) 56. Be4 (56. g5 $142 hxg5+ 57. Kxg5) 56... Rb4 57. Kf5 Ra4 58. Bf3 Rb4 59. Be4 $1 Rb1 $4 {[%mdl 8192]} (59... Rc4 $19 60. Bf3 Rc2) 60. Bf3 $4 {[%mdl 8192]} (60. Bxb1 Kd8 61. Kf6 Kd7 62. Kxf7 Kc7 63. Ke6 Kb6 64. g5 {[%mdl 64] Promotion} hxg5 65. Kxd6) 60... Rf1 61. Kf4 Rf2 (61... Kf6 $142 62. Kg3 Kg5 63. Kg2 Rxf3 $1 {[%mdl 512]} 64. Kxf3 f5 65. gxf5 Kxf5 66. Kg3 Kg5 67. Kg2 Kg4 68. Kf2 Kxh5 69. Kf3 Kg5 70. Kg3 Kf5 71. Kh3 Ke5 72. Kg4 Kxd5 73. Kf5 Kd4 74. Ke6 d5 75. Kd6 h5 76. Ke6 Ke4 77. Kf6 h4 78. Ke6 d4 79. Kf7 h3 80. Ke6 h2 81. Kf6 d3 82. Ke6 h1=Q 83. Kf7 d2 84. Kg6 d1=Q 85. Kg7 Qd7+ 86. Kg8 Qhh7+ 87. Kf8 Qh8#) 62. Kg3 Rc2 63. Kf4 Rc3 (63... Kf6 $142 64. Bh1 Rc4+ 65. Be4 Ra4) 64. Be4 f6 65. g5 (65. Bh7 $19 Rc5 66. Be4) 65... Rc4 $2 (65... fxg5+ 66. Kg4 Rc4 $1 {[%mdl 512]} 67. Kf3 Rxe4 $1 {[%mdl 512]} 68. Kxe4 Kf6 69. Kd4 Kf5 70. Ke3 Ke5 71. Kd2 Kxd5 72. Kd3 Ke5 73. Ke3 d5 74. Kf3 d4 75. Ke2 Ke4 76. Kf1 d3 77. Kf2 g4 78. Kf1 Ke3 79. Ke1 g3 80. Kd1 g2 81. Kc1 g1=Q+ 82. Kb2 Kd4 83. Ka3 Qb1 84. Ka4 Kc4 85. Ka5 Qb5#) 66. Kf5 $2 {[%mdl 8192]} (66. gxh6 $15 Kf7 67. Ke3) 66... Rxe4 $2 {[%mdl 32768] What a fight! Accuracy: White = 29%, Black = 45%. . Loss on time!?} (66... fxg5 {mates} 67. Bd3 {[#]} Rd4 $1 {[%mdl 512]} 68. Bb1 Kf7 69. Be4 Rc4 70. Kg4 Rxe4+ 71. Kf3 Re5 72. Kg3 Rxd5 73. Kh3 Re5 74. Kg4 d5 75. Kf3 d4 76. Kg4 d3 77. Kg3 d2 78. Kh2 d1=Q 79. Kg2 Re3 80. Kh2 Qd2+ 81. Kh1 Re1#) 0-1

[Event "Stay Safe Play From Home 364"]
[Site "Emanuel Lasker Arena"]
[Date "2020.08.07"]
[Round "4"]
[White "Hickey"]
[Black "Stefanone"]
[Result "1-0"]
[WhiteElo "2104"]
[BlackElo "1961"]
[Annotator "TA"]
[PlyCount "73"]
[EventDate "2020.08.07"]
[EventType "swiss (blitz)"]

{[%evp 9,73,39,44,56,53,44,40,47,152,155,154,146,144,147,147,147,145,143,153,153,160,152,164,160,166,149,174,150,185,184,223,222,272,0,164,113,116,118,379,338,398,325,447,443,418,275,372,364,422,370,525,361,29991,29977,29976,29977,29977,29978,29973,11024,29986,29987,29987,29988,29988,29989]} 1. Nf3 d5 2. g3 c6 3. Bg2 e6 4. O-O f5 5. b3 Nf6 6. Bb2 {A07: Réti Opening: New York and Capablanca Systems.} Bc5 7. d3 {[#]} Qe7 $146 ({Predecessor:} 7... O-O 8. Nbd2 Nbd7 9. c4 Qe7 10. e3 Ng4 11. Qe2 Ndf6 12. h3 Nh6 13. Ne5 Nd7 {1-0 (62) Ermel,F-De Arruda Filho,N (1993) Foz do Iguacu 2018}) 8. Nbd2 {White is slightly better.} e5 (8... O-O $14) 9. Nxe5 $16 O-O 10. Ndf3 Nbd7 11. e3 Bd6 {[%cal Rd7e5]} 12. Nxd7 Bxd7 13. c4 Be6 14. Rc1 Rad8 15. Qc2 Bb8 16. Rfd1 h6 17. Qb1 g5 18. Qa1 g4 19. Nd4 Bd7 20. cxd5 Nxd5 {[#]} 21. Ne2 $2 (21. e4 $1 $18 {[%cal Re4d5]} fxe4 22. dxe4) 21... h5 $2 (21... Nxe3 $1 $11 {and Black stays safe.} 22. fxe3 Qxe3+ {[%mdl 64] Double Attack} 23. Kh1 (23. Kf1 Rde8 $11) 23... Qxe2) 22. Nf4 ({Better is} 22. e4 $18) 22... Nxf4 23. exf4 c5 $2 {[%mdl 8192] This costs Black the game.} (23... Qf7 $16 {was called for.}) 24. Re1 $18 Qf7 25. Be5 Bc6 26. Bxc6 {[#] Hoping for Bb5.} bxc6 27. Qc3 Bxe5 28. Rxe5 ({Not} 28. Qxe5 Rd5 $18) 28... Rfe8 29. Qxc5 Rxd3 (29... Rxe5 {might work better.} 30. fxe5 Rd5) 30. Qxc6 Qd7 $2 (30... Rxe5 $18 31. fxe5 Qd7 32. Qg6+ {[%mdl 64] Double Attack} Kf8 33. Qf6+ Kg8 34. Qg6+ Kf8 35. Qh6+ Kg8 36. Qg6+) 31. Qxd7 Rxd7 32. Rxe8+ Kf7 33. Re5 Kf6 34. Ra5 (34. Rc6+ $142 Kg7 35. Rxf5 h4 36. gxh4 Rb7 37. Rg5+ Kh7 38. Kg2 Rf7 39. Kg3) 34... Rd2 35. Rc6+ {White mates.} Ke7 36. Rxa7+ Kd8 37. Rh6 {Accuracy: White = 79%, Black = 35%.} 1-0

[Event "Stay Safe Play From Home 364"]
[Site "Emanuel Lasker Arena"]
[Date "2020.08.07"]
[Round "4"]
[White "Padmaesh M K"]
[Black "Cirovicz"]
[Result "0-1"]
[WhiteElo "1823"]
[BlackElo "1786"]
[Annotator "NA RC"]
[PlyCount "96"]
[EventDate "2020.08.07"]
[EventType "swiss (blitz)"]

1. Nf3 {[%emt 0:00:01]} e6 {[%emt 0:00:01]} 2. g3 {[%emt 0:00:00]} d5 {[%emt 0:00:01]} 3. Bg2 {[%emt 0:00:00]} c5 {[%emt 0:00:00]} 4. c3 {[%emt 0:00:03]} Nc6 {[%emt 0:00:00]} 5. d4 {[%emt 0:00:01]} Nf6 {[%emt 0:00:00]} 6. O-O {[%emt 0:00:01]} cxd4 {[%emt 0:00:01]} 7. cxd4 {[%emt 0:00:01]} h5 {[%emt 0:00:01]} 8. Ne5 {[%emt 0:00:00]} h4 {[%emt 0:00:01]} 9. Bg5 {[%emt 0:00:02]} hxg3 {[%emt 0:00:02]} 10. fxg3 {[%emt 0:00:02]} Be7 {[%emt 0:00:01]} 11. Nc3 {[%emt 0:00:04]} Nxe5 {[%emt 0:00:01]} 12. dxe5 {[%emt 0:00:02]} Ng4 {[%emt 0:00:01]} 13. Bf4 {[%emt 0:00:04]} Nxh2 {[%emt 0:00:02]} 14. Rf2 {[%emt 0:00:01]} Bg5 {[%emt 0:00:03]} 15. Bf3 {[%emt 0:00:06]} Nxf3+ {[%emt 0:00:02]} 16. Rxf3 {[%emt 0:00:01]} Bxf4 {[%emt 0:00:01]} 17. Rxf4 {[%emt 0:00:00]} Qg5 {[%emt 0:00:01]} 18. Qe1 {[%emt 0:00:01]} Qh5 {[%emt 0:00:03]} 19. Kf2 {[%emt 0:00:03]} Qh2+ {[%emt 0:00:02]} 20. Ke3 {[%emt 0:00:02]} Bd7 {[%emt 0:00:02]} 21. Qf2 {[%emt 0:00:03]} Bc6 {[%emt 0:00:02]} 22. Rxf7 {[%emt 0:00:05]} Qxf2+ {[%emt 0:00:02]} 23. Kxf2 {[%emt 0:00:02]} O-O-O {[%emt 0:00:00]} 24. Rc1 {[%emt 0:00:03]} Rdf8 {[%emt 0:00:02]} 25. Rxf8+ {[%emt 0:00:01]} Rxf8+ {[%emt 0:00:01]} 26. Kg1 {[%emt 0:00:00]} Rh8 {[%emt 0:00:02]} 27. Nb5 {[%emt 0:00:01]} d4 {[%emt 0:00:02]} 28. Nd6+ {[%emt 0:00:00]} Kd7 {[%emt 0:00:01]} 29. Nf7 {[%emt 0:00:01]} Rh1+ {[%emt 0:00:02]} 30. Kf2 {[%emt 0:00:02]} Rxc1 {[%emt 0:00:01]} 31. Ng5 {[%emt 0:00:00]} Rc2 {[%emt 0:00:01]} 32. Nf3 {[%emt 0:00:00]} Rxb2 {[%emt 0:00:01]} 33. Nxd4 {[%emt 0:00:01]} Rxa2 {[%emt 0:00:01]} 34. Nxc6 {[%emt 0:00:00]} Kxc6 {[%emt 0:00:01]} 35. Ke3 {[%emt 0:00:00]} Kd5 {[%emt 0:00:00]} 36. Kd3 {[%emt 0:00:01]} Kxe5 {[%emt 0:00:01]} 37. e4 {[%emt 0:00:00]} Ra3+ {[%emt 0:00:01]} 38. Ke2 {[%emt 0:00:00]} Kxe4 {[%emt 0:00:01]} 39. Kf2 {[%emt 0:00:00]} g5 {[%emt 0:00:00]} 40. Ke2 {[%emt 0:00:00]} Rxg3 {[%emt 0:00:01]} 41. Kf2 {[%emt 0:00:00]} Kf4 {[%emt 0:00:01]} 42. Ke2 {[%emt 0:00:00]} b5 {[%emt 0:00:00]} 43. Kf2 {[%emt 0:00:00]} a5 {[%emt 0:00:00]} 44. Ke2 {[%emt 0:00:00]} a4 {[%emt 0:00:00]} 45. Kd2 {[%emt 0:00:00]} a3 {[%emt 0:00:01]} 46. Kc2 {[%emt 0:00:00]} b4 {[%emt 0:00:00]} 47. Kb1 {[%emt 0:00:00]} b3 {[%emt 0:00:01]} 48. Ka1 {[%emt 0:00:01]} Rg1# {[%emt 0:00:02] (Lag: Av=0.79s, max=1.2s) (Lag: Av=0.79s, max=1.2s) (Lag: Av=0.79s, max=1.2s) (Lag: Av=0.79s, max=1.2s) (Lag: Av=0.79s, max=1.2s)} 0-1

[Event "Stay Safe Play From Home 364"]
[Site "Emanuel Lasker Arena"]
[Date "2020.08.07"]
[Round "4"]
[White "Buzaglo"]
[Black "TheCHESSHOUSE"]
[Result "0-1"]
[WhiteElo "1817"]
[BlackElo "2058"]
[Annotator "TA"]
[PlyCount "70"]
[EventDate "2020.08.07"]
[EventType "swiss (blitz)"]

{[%evp 14,69,33,23,44,31,59,61,64,51,99,110,381,385,421,423,539,526,508,164,155,149,241,166,159,63,151,154,141,129,172,152,254,21,17,15,46,46,46,0,33,0,18,-132,-4,-52,-14,-222,-150,-717,-144,-1236,-1107,-4902,-4275,-29993,-29994,-29999]} 1. d4 Nf6 2. Nf3 g6 3. g3 Bg7 4. Bg2 d6 5. O-O O-O 6. c4 c6 7. Nc3 Nbd7 8. e4 Rb8 {E67: King's Indian: Fianchetto: 6...Nbd7.} 9. e5 {[#]} Ne8 $146 ({Predecessor:} 9... dxe5 10. dxe5 Ng4 11. e6 fxe6 12. Ng5 Ndf6 13. Qe2 Qd4 14. Nxe6 Bxe6 15. Qxe6+ Kh8 16. Bf4 {1-0 (36) Tarasov,V (2263)-Krivov,K Bor 2000}) 10. exd6 exd6 {White is slightly better.} 11. Bf4 Qc7 12. c5 f5 $2 {[%mdl 8192]} (12... Ndf6 $16) 13. cxd6 Nxd6 14. d5 g5 15. Nxg5 Ne5 16. Ne6 $2 (16. Re1 Re8 17. Qh5) 16... Bxe6 $18 17. dxe6 {Hoping for Qe2.} Rbd8 (17... Rbe8 $16 {is a better defense.} 18. Qb3 Qb6) 18. Bxe5 Bxe5 19. Rc1 (19. Qe2 $16 Bf6 20. Rad1) 19... Ne4 (19... Qe7 $14) 20. Qc2 $16 Nxc3 21. bxc3 f4 22. Be4 {And now Bxh7+! would win.} Qg7 {[#]} (22... Bd6 $16 23. Qe2 Kh8) 23. e7 $2 (23. Bxh7+ $1 $18 {[%mdl 512]} Kh8 (23... Qxh7 24. Qxh7+) 24. Bg6) 23... Qxe7 $11 24. Rcd1 Kh8 25. Rxd8 Rxd8 26. Rd1 Rf8 27. Rf1 Qg7 28. Kh1 (28. c4 $11) 28... Bxc3 (28... fxg3 $17 {aiming for ...Qh6!} 29. Bg2 gxh2) 29. Bg2 fxg3 30. Bh3 $2 (30. fxg3 $11 {and White is okay.} Re8 31. Be4) 30... gxf2 31. Bg2 $2 (31. Rxf2 $17 Re8 32. Re2) 31... Rg8 $2 (31... Bd4 $19 {and Black stays clearly on top.} 32. a4 Rg8) 32. Qe4 $2 {[%mdl 8192]} (32. Qxf2 $17 Bd4 33. Qg3) 32... Bd4 $19 33. h4 c5 {[#] ( -> ...Qg3)} 34. Kh2 Be5+ 35. Kh3 Qg3# {Accuracy: White = 34%, Black = 29%.} 0-1

[Event "Stay Safe Play From Home 364"]
[Site "Emanuel Lasker Arena"]
[Date "2020.08.07"]
[Round "4"]
[White "Ao017545"]
[Black "UHU4"]
[Result "1-0"]
[WhiteElo "1679"]
[BlackElo "1401"]
[Annotator "NA"]
[PlyCount "27"]
[EventDate "2020.08.07"]
[EventType "swiss (blitz)"]

{- Manoc a, Calota} 1. e4 {[%emt 0:00:01]} e5 {[%emt 0:00:02]} 2. Nf3 {[%emt 0:00:00]} Nf6 {[%emt 0:00:01]} 3. Nxe5 {[%emt 0:00:02]} Nc6 {[%emt 0:00:03]} 4. Nxc6 {[%emt 0:00:03]} dxc6 {[%emt 0:00:01]} 5. Nc3 {[%emt 0:00:00]} Bc5 {[%emt 0:00:01]} 6. Bc4 {[%emt 0:00:00]} h5 {[%emt 0:00:02]} 7. d3 {[%emt 0:00:01]} Qd7 {[%emt 0:00:02]} 8. Bg5 {[%emt 0:00:02]} Qd6 {[%emt 0:00:01]} 9. f4 {[%emt 0:00:03]} Ng4 {[%emt 0:00:01] UHU4 reconnected. UHU4 reconnected. UHU4 reconnected. UHU4 reconnected. UHU4 reconnected.} 10. Qf3 {[%emt 0:00:10]} Ne3 {[%emt 0:00:03]} 11. Kd2 {[%emt 0:00:03]} f6 {[%emt 0:00:03]} 12. e5 {[%emt 0:00:03]} fxe5 {[%emt 0:00:03]} 13. fxe5 {[%emt 0:00:00]} Qxe5 {[%emt 0:00:02]} 14. Qf7# {[%emt 0:00:01] (Lag: Av=0.66s, max=0.9s) (Lag: Av=0.66s, max=0.9s) (Lag: Av=0.66s, max=0.9s) (Lag: Av=0.66s, max=0.9s) (Lag: Av=0.66s, max=0.9s)} 1-0

[Event "Stay Safe Play From Home 364"]
[Site "Emanuel Lasker Arena"]
[Date "2020.08.07"]
[Round "4"]
[White "Klasman"]
[Black "Trotsky"]
[Result "1-0"]
[WhiteElo "1410"]
[BlackElo "1547"]
[Annotator "NA RC"]
[PlyCount "49"]
[EventDate "2020.08.07"]
[EventType "swiss (blitz)"]

1. f4 {[%emt 0:00:02]} d5 {[%emt 0:00:01]} 2. e3 {[%emt 0:00:01]} e6 {[%emt 0:00:00]} 3. Nf3 {[%emt 0:00:01]} c5 {[%emt 0:00:01]} 4. c4 {[%emt 0:00:02]} Nc6 {[%emt 0:00:01]} 5. cxd5 {[%emt 0:00:02]} exd5 {[%emt 0:00:01]} 6. Bb5 {[%emt 0:00:01]} Be6 {[%emt 0:00:01]} 7. Ne5 {[%emt 0:00:02]} Qc7 {[%emt 0:00:02]} 8. Qa4 {[%emt 0:00:02]} Bd6 {[%emt 0:00:01]} 9. Nxc6 {[%emt 0:00:02]} bxc6 {[%emt 0:00:04]} 10. Bxc6+ {[%emt 0:00:01]} Bd7 {[%emt 0:00:02]} 11. Bxd7+ {[%emt 0:00:03]} Qxd7 {[%emt 0:00:01]} 12. Qxd7+ {[%emt 0:00:01]} Kxd7 {[%emt 0:00:01]} 13. O-O {[%emt 0:00:02]} Nf6 {[%emt 0:00:01]} 14. d4 {[%emt 0:00:02]} c4 {[%emt 0:00:01]} 15. Nc3 {[%emt 0:00:02]} Rae8 {[%emt 0:00:01]} 16. Bd2 {[%emt 0:00:01]} Ne4 {[%emt 0:00:01]} 17. Nxe4 {[%emt 0:00:02]} dxe4 {[%emt 0:00:01]} 18. b3 {[%emt 0:00:02]} Rhf8 {[%emt 0:00:01]} 19. bxc4 {[%emt 0:00:02]} f5 {[%emt 0:00:01]} 20. Rab1 {[%emt 0:00:01]} g5 {[%emt 0:00:01]} 21. Rb7+ {[%emt 0:00:01]} Kc6 {[%emt 0:00:01]} 22. fxg5 {[%emt 0:00:01]} f4 {[%emt 0:00:02]} 23. Rfb1 {[%emt 0:00:02]} fxe3 {[%emt 0:00:01]} 24. Bxe3 {[%emt 0:00:01]} Rc8 {[%emt 0:00:03]} 25. d5# {[%emt 0:00:01] (Lag: Av=0.30s, max=0.4s) (Lag: Av=0.30s, max=0.4s) (Lag: Av=0.30s, max=0.4s) (Lag: Av=0.30s, max=0.4s) (Lag: Av=0.30s, max=0.4s)} 1-0

[Event "Stay Safe Play From Home 364"]
[Site "Emanuel Lasker Arena"]
[Date "2020.08.07"]
[Round "5"]
[White "BrainThinker22"]
[Black "AChessPlayer"]
[Result "0-1"]
[WhiteElo "2371"]
[BlackElo "2404"]
[Annotator "NA"]
[PlyCount "42"]
[EventDate "2020.08.07"]
[EventType "swiss (blitz)"]

1. e4 {[%emt 0:00:01] BrainThinker22 offers a draw} d6 {[%emt 0:00:01]} 2. Nc3 {[%emt 0:00:01]} Nd7 {[%emt 0:00:00]} 3. g3 {[%emt 0:00:00]} e5 {[%emt 0:00:01]} 4. Bg2 {[%emt 0:00:00]} Ngf6 {[%emt 0:00:01]} 5. d3 {[%emt 0:00:00]} c6 {[%emt 0:00:00]} 6. Be3 {[%emt 0:00:01]} Be7 {[%emt 0:00:00]} 7. Qd2 {[%emt 0:00:00]} b5 {[%emt 0:00:00]} 8. h3 {[%emt 0:00:01]} a5 {[%emt 0:00:02]} 9. a3 {[%emt 0:00:01]} Ba6 {[%emt 0:00:01]} 10. Nge2 {[%emt 0:00:00]} O-O {[%emt 0:00:01]} 11. O-O {[%emt 0:00:01]} Re8 {[%emt 0:00:00]} 12. f4 {[%emt 0:00:00]} Bf8 {[%emt 0:00:00]} 13. f5 {[%emt 0:00:01]} b4 {[%emt 0:00:02]} 14. axb4 {[%emt 0:00:01]} axb4 {[%emt 0:00:00]} 15. Nd1 {[%emt 0:00:00]} d5 {[%emt 0:00:00]} 16. g4 {[%emt 0:00:04]} dxe4 {[%emt 0:00:01]} 17. dxe4 {[%emt 0:00:00]} Nc5 {[%emt 0:00:02]} 18. Re1 {[%emt 0:00:15]} Qxd2 {[%emt 0:00:02]} 19. Bxd2 {[%emt 0:00:01]} Nfxe4 {[%emt 0:00:00]} 20. Be3 {[%emt 0:00:01]} Bxe2 {[%emt 0:00:04]} 21. Rxe2 {[%emt 0:00:01]} Rxa1 {[%emt 0:00:01] BrainThinker22 resigns BrainThinker22 resigns BrainThinker22 resigns BrainThinker22 resigns BrainThinker22 resigns (Lag: Av=0.63s, max=1.2s) (Lag: Av=0.63s, max=1.2s) (Lag: Av=0.63s, max=1.2s) (Lag: Av=0.63s, max=1.2s) (Lag: Av=0.63s, max=1.2s)} 0-1

[Event "Stay Safe Play From Home 364"]
[Site "Emanuel Lasker Arena"]
[Date "2020.08.07"]
[Round "5"]
[White "Lamborghini"]
[Black "Padmaesh M K"]
[Result "1-0"]
[WhiteElo "2322"]
[BlackElo "1804"]
[Annotator "TA"]
[PlyCount "67"]
[EventDate "2020.08.07"]
[EventType "swiss (blitz)"]

{[%evp 9,66,0,64,0,50,2,73,-23,35,25,42,16,30,27,39,19,132,25,47,-41,-31,-39,-22,-25,-29,-28,-35,-30,-27,-35,-16,-35,-9,-13,0,-99,0,-25,2,7,37,23,218,200,258,0,476,441,1161,354,5310,5310,12835,12836,12836,12837,29998,29993,29999]} 1. e4 e5 2. Nf3 Nc6 3. Bb5 Nf6 4. O-O Bc5 5. d3 O-O ({Better is} 5... Nd4 $11 6. Be3 c6) 6. Be3 {C65: Ruy Lopez: Berlin Defence (3...Nf6), unusual lines and 4 0-0 Bc5.} (6. Bxc6 $14 bxc6 7. Nxe5) 6... Bb6 {[#]} 7. a4 $146 ({Predecessor:} 7. Bxc6 dxc6 8. Nxe5 Qe8 9. Nf3 Be6 10. Nbd2 h6 11. h3 Rd8 12. Qe2 Rd7 13. d4 {1-0 (41) Tagirov,G-Danelyan,A Chishmy 2010}) 7... a6 (7... d6 $11) 8. Bc4 (8. Bxc6 $1 $16 {Threatens to win with Bxb6.} Bxe3 9. fxe3 bxc6 10. Nxe5) 8... d6 ({Black should try} 8... d5 $11 9. exd5 Nxd5) 9. Bxb6 $14 cxb6 10. h3 Bd7 11. Nc3 Qc8 12. Kh2 Nh5 (12... Qc7 $11 {keeps the balance.}) 13. Ng1 (13. Nd5 $16) 13... Nf4 14. Qf3 (14. Nge2 $14) 14... Nd4 $15 15. Qd1 b5 16. axb5 axb5 {[#] Strongly threatening ...Rxa1.} 17. Rxa8 Qxa8 18. Bb3 $1 Nxb3 19. cxb3 b4 20. Nce2 Nxe2 21. Qxe2 Bb5 22. Qe3 (22. Qd2 $11 {remains equal.}) 22... Qa6 (22... Qa2 $17 23. Rd1 Qxb2) 23. Rd1 Rc8 24. Nf3 Rc2 25. d4 Re2 $2 (25... Be2 $11 26. Rc1 Rxc1 27. Qxc1 g6) 26. Qg5 $18 {[#] Threatening mate with Qd8+.} f6 27. Qg3 $2 $40 {[%mdl 128] White has some attack.} (27. Qf5 $18 Qb6 28. Qe6+ Kf8 29. Rc1 (29. dxe5 Qxf2 30. Qxd6+ {[%mdl 64] Double Attack} Kf7 $11)) 27... exd4 $2 {[%mdl 8192]} ({Don't go for} 27... Rxb2 $2 28. dxe5 dxe5 29. Rd8+ Kf7 30. Rh8 $18) (27... Qc6 $11 {and Black stays safe.}) 28. Nxd4 Bc6 (28... Rxe4 $142 29. Nf5 g6 30. Rxd6 Qa5 31. Rxf6 Qd8) 29. Nxe2 $2 (29. Ne6 {[%csl Ge6][%cal Rg3g7]} Kf7 30. Rxd6) 29... Bxe4 $2 (29... Qxe2 30. Qxd6 Qxe4) 30. Rxd6 {White threatens Rd7 and mate.} Qxe2 31. Rd8+ Kf7 32. Rd7+ Ke8 33. Rxg7 {[%cal Rg3b8]} Bg6 34. Qb8# {Accuracy: White = 46%, Black = 27%.} 1-0